История великих путешествий. Кн. 2: Мореплаватели XVIII века (Запись № 7827502)
[ простой вид ]
| 000 -МАРКЕР | |
|---|---|
| контрольное поле | 01394nam2a22002771 4500 |
| 001 - ИДЕНТИФИКАТОР ЗАПИСИ | |
| контрольное поле | rc\146973 |
| 005 - ИДЕНТИФИКАТОР ВЕРСИИ | |
| контрольное поле | 20030307112528.9 |
| 010 ## - МЕЖДУНАРОДНЫЙ СТАНДАРТНЫЙ НОМЕР КНИГИ (ISBN) | |
| Номер (ISBN) | 5-85255-237-2 |
| Тираж | 100000 |
| 035 ## - ДРУГИЕ СИСТЕМНЫЕ НОМЕРА | |
| Идентификатор записи | (NLR Aleph) 008754467 |
| 100 ## - ДАННЫЕ ОБЩЕЙ ОБРАБОТКИ | |
| Данные общей обработки | 20030307d1993 u |0rusy50 ca |
| 101 0# - ЯЗЫК РЕСУРСА | |
| Язык текста, звукозаписи и т.д. | русский |
| 102 ## - СТРАНА ПУБЛИКАЦИИ ИЛИ ПРОИЗВОДСТВА | |
| Страна публикации | Российская Федерация |
| 105 ## - ПОЛЕ КОДИРОВАННЫХ ДАННЫХ: ТЕКСТОВЫЕ МАТЕРИАЛЫ, МОНОГРАФИЧЕСКИЕ | |
| Кодированные данные о монографическом текстовом документе | a ||||||||| |
| 200 1# - ЗАГЛАВИЕ И СВЕДЕНИЯ ОБ ОТВЕТСТВЕННОСТИ | |
| Основное заглавие | Мореплаватели XVIII века |
| Первые сведения об ответственности | [Примеч. В. Невского] |
| 210 ## - ПУБЛИКАЦИЯ, РАСПРОСТРАНЕНИЕ И ДР. | |
| Дата издания, распространения и т.д. | 1993 |
| 215 ## - ФИЗИЧЕСКАЯ ХАРАКТЕРИСТИКА | |
| Специфическое обозначение материала и объем | 525, [1] с., [10] л. карт. |
| Другие сведения о физической характеристике | ил., карт. |
| 300 ## - ОБЩИЕ ПРИМЕЧАНИЯ | |
| Текст примечания | На корешке только загл. кн. |
| 320 ## - ПРИМЕЧАНИЯ О НАЛИЧИИ В ДОКУМЕНТЕ БИБЛИОГРАФИИ / УКАЗАТЕЛЯ | |
| Текст примечания | Библиогр. / В. Невский: с. 517-521 |
| 461 #0 - УРОВЕНЬ НАБОРА | |
| Встроенное поле | 001rc\146971 |
| -- | 2001#$aИстория великих путешествий$eВ 3 кн.$e[Пер. с фр.]$f[Пер., лит. ред. текста и вступ. ст. Е. Брандиса]$vКн. 2 |
| -- | 700#1$aВерн$bЖ.$gЖюль$f1828-1905 |
| Системный номер (АБИС) связанной записи | 7909114 |
| Автор | Верн, Ж. (1828-1905) |
| Место публикации | М. |
| Дата публикации | 1993- |
| Первые сведения об ответственности | [Пер., лит. ред. текста и вступ. ст. Е. Брандиса] |
| Имя издателя, распространителя и т.д. | Изд. центр "Терра" |
| Сведения, относящиеся к заглавию | В 3 кн. : [Пер. с фр.] |
| Заглавие | История великих путешествий |
| Номер тома | Кн. 2 |
| 604 #1 - ИМЯ И ЗАГЛАВИЕ КАК ПРЕДМЕТ | |
| Связываемые данные | 50010$aМореплаватели XVIII века$2psbo |
| Заглавие | Мореплаватели XVIII века |
| 801 #0 - ИСТОЧНИК ЗАПИСИ | |
| Страна | Российская Федерация |
| Организация | NLR |
| Правила каталогизации | psbo |
| 801 #1 - ИСТОЧНИК ЗАПИСИ | |
| Страна | Российская Федерация |
| Организация | ELAR |
| Источник данных | rusmarc |
| 852 ## - МЕСТОНАХОЖДЕНИЕ И ШИФР ХРАНЕНИЯ | |
| Идентификатор организации | NLR |
| Шифр хранения (Call Number) | 92-5/3177 |
| 942 ## - ДОПОЛНИТЕЛЬНЫЕ ЭЛЕМЕНТЫ ЗАПИСИ (АБИС) | |
| Тип экземпляра АБИС | Книга |
| 980 ## - КОЛЛЕКЦИЯ | |
| Название коллекции | Национальная библиография |
| Тип экземпляра | Дата поступления | Библиотека постоянного хранения | Библиотека текущего хранения | Место хранения | Шифр хранения | Штрих-код | Статус экземпляра |
|---|---|---|---|---|---|---|---|
| Книга | 26.10.2013 | РНБ (Московский) | РНБ (Московский) | Русский книжный фонд: издания с 1957 года | 92-5/3177 | 8754467-10 |